| 000 | 00610na a2200241 4500 | ||
|---|---|---|---|
| 001 | 14798 | ||
| 003 | MIRAKIL | ||
| 005 | 20181213154948.0 | ||
| 008 | 161028b tu 000 0 | ||
| 020 | _a9752860443 | ||
| 035 | _a14798 | ||
| 040 |
_aMilas _btur _cTR-AnCHP |
||
| 041 | _atur | ||
| 082 |
_a813.42 _bK24k |
||
| 090 | _a813.42 K24k 2003 | ||
| 100 |
_aKakınç, Tarık Dursun _d1931-2015 |
||
| 245 |
_aKutup _cTarık Dursun K. |
||
| 260 |
_aİstanbul _bBulut yayınları _c2003 |
||
| 300 |
_a254 s. _c20 sm. |
||
| 650 |
_aTürk edebiyatı _xRoman |
||
| 650 | _aTürkçe roman | ||
| 942 |
_2ddc _cBKS |
||
| 999 |
_c3948 _d3948 |
||